000 00724nam a2200217 i 4500
001 17948
003 ES-MaACL
005 20250902053933.0
007 t|
008 010627s1953 sp ||||1| spa d
080 _a334.75(460)
100 1 _aSierra, Fermín de la.
_9106252
245 1 3 _aLa concentración económica en las industrias básicas españolas /
_cFermín de la Sierra.
260 _aMadrid :
_bInstituto de Estudios Políticos,
_c1953.
300 _a104 p. ;
_c24 cm.
500 _aBiblioteca Juan Andrade.
650 1 7 _aConcentración de empresas-
_zEspaña
_2embne
_911238
710 2 _aInstituto de Estudios Políticos (Madrid)
_94924
852 _aES-MaACL
_jAND-46
_bR.109375
999 _c17948
_d17948